00671nam a2200181 a 450000500170000000800410001702000180005805000260007610000190010224500870012126000460020830000100025444000280026465000300029265000300032299900190035295201180037120140412111335.0031017s19uu xx 00 eng d a0-02-831014-4 aTR(GS 372.4bB35 2000 aBereiter, Carl aHome connection (green) / :cCarl Bereiter & et al.bEnglish and Spanish level 2 / aColumbus, Ohio :bSRA/McGraw-Hill,c2000. a86 p. aSRA: Open Court Reading aEnglish language--Reading aSpanish language--Reading c105018d105018 00104050aELbELcTRd2003-10-17eDonationl0oTR(GS 372.4 B35 2000pE9292r2014-04-12 00:00:00w2014-04-12yBK